000 02209nim a2200421 i 4500
001 197348
003 ES-MaACL
005 20250909200022.0
007 ss lsnjlcipnne
008 210525s1991 sp nnnn |||| 00| spa d
040 _bspa
_cES-MaACL
245 0 0 _aBálsamo religioso y mutilación del juicio
_h[Grabación sonora] :
_bdebate en torno a las primeras producciones de Industrias Cartesio /
_cintervienen Dra. Carmen Gallano, D. Javier Sádaba, D. Pedro Romero y D. Víctor Gómez Pin ; presenta D. Ángel González
260 _aMadrid :
_bAteneo de Madrid,
_c1991
300 _a1 casete (ca. 90 min) :
_bson. ;
_c11 cm
490 1 _3Actos culturales en el Ateneo de Madrid
511 _aIntervienen Carmen Gallano, psicoanalista y vicepresidenta de la Asociación Madrileña de Psiquiatría; Javier Sádaba, catedrático de Ética de la Universidad Autónoma de Madrid; Pedro Romero, pintor; Víctor Gómez Pin, catedrático de Filosofía de la Universidad del País Vasco. Presenta Ángel González, vicepresidente de la sección.
518 _aGrabado el 3 de junio de 1991 en el Salón de Actos del Ateneo de Madrid.
520 _aDebate en torno a las primeras producciones del colectivo Industrias Cartesio y la intervención de sus miembros.
540 _aDocumento inédito
594 _5Datos basados en la invitación.
610 2 0 _aAteneo de Madrid-
_xActos culturales-
_y1991-
_vGrabaciones sonoras
_9240452
610 0 4 _aIndustrias Cartesio
_9240598
650 7 _aFilosofía
_2embne
_912802
653 _aArchivo de la palabra
655 0 _aConferencias
_9234444
700 1 _958414
_aGonzález Álvarez, Ángel,
_epres
_d1916-1991
700 1 _9240599
_aGallano, Carmen
_eora
700 1 _9240211
_aSábada, Javier,
_eora
_d1939-
700 1 _aRomero, Pedro G.,
_d1964-
_eora
_9140921
700 1 _958114
_aGómez Pin, Víctor
_epres
710 2 _aAteneo de Madrid.
_ehis
_91992
_bSección de Filosofía
830 0 _aActos culturales en el Ateneo de Madrid
_9240237
852 _aES-MaACL
_cDEPOZ
_9205660
_pCinta 1
852 _aES-MaACL
_cDEPOZ
_9205661
_pCinta 2
942 _2udc
_n0
_cCINTASAUD
999 _c197348
_d197348